History and problems of indian education (Record no. 1918)
[ view plain ]
| 000 -LEADER | |
|---|---|
| fixed length control field | 00522cam a2200193ua 4500 |
| 008 - FIXED-LENGTH DATA ELEMENTS--GENERAL INFORMATION | |
| fixed length control field | 110805n ii |||gr||||Z||||||eng |
| 040 ## - CATALOGING SOURCE | |
| Transcribing agency | MAIN |
| 082 ## - DEWEY DECIMAL CLASSIFICATION NUMBER | |
| Classification number | 370.54 |
| 100 ## - MAIN ENTRY--PERSONAL NAME | |
| Personal name | Sharma, Indira, |
| Relator term | |
| 245 1# - TITLE STATEMENT | |
| Title | History and problems of indian education |
| Statement of responsibility, etc. | by Indira Sharma |
| 250 ## - EDITION STATEMENT | |
| Edition statement | 1st. |
| 260 ## - PUBLICATION, DISTRIBUTION, ETC. | |
| Place of publication, distribution, etc. | Agra: |
| Name of publisher, distributor, etc. | Vinnod Pustak Mandir,964. |
| 300 ## - PHYSICAL DESCRIPTION | |
| Extent | 320p: |
| Dimensions | 23cm. |
| 700 ## - ADDED ENTRY--PERSONAL NAME | |
| Personal name | Sharma, N. R., |
| Relator term | |
| 942 ## - ADDED ENTRY ELEMENTS (KOHA) | |
| Koha item type | Books |
| 653 ## - INDEX TERM--UNCONTROLLED | |
| Uncontrolled term | Education |
| 653 ## - INDEX TERM--UNCONTROLLED | |
| Uncontrolled term | History and problems of indian education |
| Withdrawn status | Lost status | Damaged status | Not for loan | Home library | Current library | Shelving location | Date acquired | Total Checkouts | Full call number | Barcode | Date last seen | Date last checked out | Copy number | Price effective from | Koha item type |
|---|---|---|---|---|---|---|---|---|---|---|---|---|---|---|---|
| Central Library, Naharkatiya College | Central Library, Naharkatiya College | General Stacks | 19/09/2020 | 2 | 370.54 | SHA | 11373 | 27/02/2024 | 21/02/2024 | 1 | 19/09/2020 | Books |
